All Division 1 Women’s College Gymnastics Teams - Statistics

General Stats
  • This quiz has been taken 84 times
  • The average score is 49 of 60
Answer Stats
State First Two Letters Team % Correct
Alabama AL Alabama
100%
Alabama AU Auburn
98%
Michigan CE Central Michigan
98%
Michigan EA Eastern Michigan
98%
Michigan MI Michigan
98%
Michigan MI Michigan State
98%
Michigan WE Western Michigan
98%
California UN UCLA
96%
Arizona AR Arizona
95%
Arizona AR Arizona State
95%
Arkansas AR Arkansas
95%
Iowa IO Iowa
95%
Alaska AL Alaska
93%
Florida FL Florida
93%
Illinois IL Illinois
93%
Illinois IL Illinois State
93%
Louisiana LO LSU
93%
Illinois NO Northern Illinois
93%
Oklahoma OK Oklahoma
93%
Utah SO Southern Utah
93%
Utah UT Utah State
93%
Maryland MA Maryland
91%
Ohio OH Ohio State
91%
California UN UC Davis
91%
Utah UT Utah
91%
Utah BY BYU
89%
Kentucky KE Kentucky
89%
Idaho BO Boise State
87%
California CA California
87%
Washington DC GE George Washington
87%
Missouri MI Missouri
87%
North Carolina NO North Carolina
87%
North Carolina NO North Carolina State
87%
Oregon OR Oregon State
87%
Pennsylvania PE Penn State
87%
Washington WA Washington
87%
Georgia GE Georgia
85%
Iowa IO Iowa State
85%
Minnesota MI Minnesota
85%
New Jersey RU Rutgers
85%
Nebraska NE Nebraska
84%
New Hampshire NE New Hampshire
84%
West Virginia WE West Virginia
80%
Connecticut YA Yale
80%
Colorado DE Denver
78%
Pennsylvania PE Pennsylvania
78%
California ST Stanford
73%
Rhode Island BR Brown
67%
Ohio KE Kent State
65%
Pennsylvania PI Pittsburgh
65%
Maryland TO Towson
62%
Ohio BO Bowling Green
55%
Pennsylvania TE Temple
55%
Indiana BA Ball State
51%
New York CO Cornell
51%
California SA San Jose State
49%
New York LO Long Island
47%
California SA Sacramento State
45%
Missouri SO Southeast Missouri
29%
Louisiana CE Centenary College
27%
No matching quizzes found
Score Distribution
Percent of People with Each Score
Percentile by Number Answered
Your Score History
You have not taken this quiz